| 000 | 01992nam a2200565 i 4500 | ||
|---|---|---|---|
| 001 | 25919 | ||
| 003 | KOSZ 005 | ||
| 005 | 20200804132935.0 | ||
| 008 | 200804s1974 pl a f 001 0 pol | ||
| 015 | _aUWD 1974/2212 | ||
| 035 | _a991028048939705066 | ||
| 035 | _a(PL-WaBN)b1759778x-48omnis_nlop | ||
| 035 | _ab1759778x | ||
| 035 | _a(OCoLC)830694652 | ||
| 035 | _a(PL)b0000001759778 | ||
| 035 | _a(EXLNZ-48OMNIS_NETWORK)9910253114605606 | ||
| 040 |
_aWA N _cWA N _dKOSZ 005/RW |
||
| 046 | _k1974 | ||
| 080 | _a621.7.08 | ||
| 080 | _a621.713 | ||
| 080 | _a531.7 | ||
| 080 | _a(07) | ||
| 100 | 1 |
_aMalinowski, Jan _eAutor |
|
| 245 | 1 | 0 |
_aPomiary długości i kąta / _cJan Malinowski. |
| 260 |
_aWarszawa : _bWydawnictwa Naukowo-Techniczne, _c1974. |
||
| 300 |
_a501, [2] stron : _bilustracje, wykresy ; _c21 cm. |
||
| 336 |
_aTekst _btxt _2rdacontent |
||
| 337 |
_aBez urządzenia pośredniczącego _bn _2rdamedia |
||
| 338 |
_aWolumin _bnc _2rdacarrier |
||
| 380 | _aKsiążki | ||
| 380 | _aPublikacje fachowe | ||
| 380 | _aPublikacje dydaktyczne | ||
| 388 | 1 | _a1901-2000 | |
| 388 | 1 | _a1945-1989 | |
| 490 | 1 | _aBiblioteka Technologa | |
| 504 | _aBibliografia na stronie [485]. Indeks. | ||
| 521 | 8 | _aKsiążka jest przeznaczona dla techników pomiarowców, pracowników laboratorium pomiarowego długości i kąta oraz pracowników kontroli jakości. Książka przeznaczona jest dla uczniów techników mechanicznych. | |
| 650 | 7 |
_aPomiary _2DBN |
|
| 650 | 7 | _aTolerancje i pasowania | |
| 650 | 7 | _aPrzyrządy pomiarowe | |
| 650 | 7 | _aTeoria błędów | |
| 655 | 7 | _aPodręcznik | |
| 658 | _aFizyka i astronomia | ||
| 658 | _aInżynieria i technika | ||
| 710 | 2 |
_aWydawnictwa Naukowo-Techniczne _4pbl |
|
| 830 | 0 | _aBiblioteka Technologa | |
| 856 |
_uhttp://koha.tu.koszalin.pl/cgi-bin/koha/opac-detail.pl?biblionumber=25919 _yKatalog online BPK |
||
| 942 |
_2UKD _cKS |
||
| 999 |
_c25919 _d25919 |
||